00202nam a22000737a 4500100002100000245006000021260003800081300000900119 aSurya Foundation aJustice : bWhen - how - at what costcSurya Foundation aNew DelhibSurya Foundationc1996 a15p.